| 000 | 00653nam a2200217Ia 4500 | ||
|---|---|---|---|
| 003 | OSt | ||
| 005 | 20251127114059.0 | ||
| 008 | 210719s2007 xx 000 0 und d | ||
| 040 | _cAL | ||
| 041 | _aKannada | ||
| 082 | _aK894.9 LINS | ||
| 100 |
_aLINGANNA GONALA _d ಲಿಂಗಣ್ಣ ಗೋನಾಳ _9246977 |
||
| 245 |
_aSamaksha; Vimarsha lekhanagalu _bಸಮಕ್ಷ : ವಿಮರ್ಶಾ ಲೇಖನಗಳು |
||
| 260 |
_aKalaburgi _c2007 |
||
| 300 |
_a120 _bPB |
||
| 365 |
_b95 _cRs |
||
| 650 |
_aKannada Criticism _9246978 |
||
| 650 |
_aKannada Criticism _9246978 |
||
| 906 | _alekhanagalu ; Samaksha ; Vimarsha | ||
| 942 |
_2ddc _cBK |
||
| 999 |
_c215013 _d215013 |
||